000 00467nam a2200157Ia 4500
008 210210b1993 xxu||||| |||| 00| 0 eng d
020 _a81 7236 059 2
082 _a620.8072 INDR
100 _aINDIA (Government of).
245 _aResearch profile of biotechnology activities in India.
260 _aNew Delhi.
_bPublications & Information Directorate
_c1993
300 _a401
650 _aResearch Biotechnology
690 _aBiotechnology
906 _aSG03942
999 _c114538
_d114538